000 00751nam a2200241Ia 4500
003 OSt
005 20220925232110.0
006 a|||||r|||| 00| 0
007 ta
008 220923b |||||||| |||| 00| 0 eng d
037 _cGeneral Book
040 _aRTL
_cRTL
_beng
041 _2eng
_aeng
082 _aX:991.73.N7, L3
100 _aBullock Paul
_9296707
245 0 _aAspiration vs opportunity
_b Careers in the innerci
260 _aMichingan
_bAnn Arbor
_c1973
300 _a177p.
_ccm.
500 _aPolicy papers in Human resources and industrial relations, 20.
650 _aLabour Market Economics-United States
_9251123
942 _hX:991.73.N7, L3
_cGB
_2CC
999 _c590307
_d590307